书目信息 |
| 题名: |
国家水准测量规范
|
|
| 作者: | ;国爱测绘总局制定 | |
| 分册: | ||
| 出版信息: | 北京 测绘出版社 1974.12 |
|
| 页数: | 196页 | |
| 开本: | 19cm | |
| 丛书名: | ||
| 单 册: | ||
| 中图分类: | P224 | |
| 科图分类: | ||
| 主题词: | 大地测量学 | |
| 电子资源: | ||
| ISBN: | ||
| 000 | 00636nam0 2200217 45 | |
| 001 | 0405201533 | |
| 005 | 20040520154407.1 | |
| 010 | @dCNY0.70 | |
| 091 | @a15039.新11 | |
| 100 | @a20040520d1974 km y0chiy0120 ea | |
| 101 | 0 | @achi |
| 105 | @a z 000yy | |
| 200 | 1 | @a国家水准测量规范@AGuo Jia Shui Zhun Ce Liang Gui Fan@f国爱测绘总局制定@FGuo Ai Ce Hui Zong Ju Zhi Ding |
| 210 | @a北京@c测绘出版社@d1974.12 | |
| 215 | @a196页@d19cm | |
| 300 | @a限国内发行 | |
| 606 | 0 | @a大地测量学 |
| 690 | @aP224@v3 | |
| 711 | 02 | @a国爱测绘总局制定@AGuo Ai Ce Hui Zong Ju Zhi Ding |
| 801 | @aCN@bPftUser@c20040520 | |
| 905 | @f1@b31691@dP224@e3 | |
| 国家水准测量规范/国爱测绘总局制定.-北京:测绘出版社,1974.12 |
| 196页;19cm |
| 限国内发行 |
| ISBN :CNY0.70 |
| ● |
| 相关链接 |
|
|
|
|
正题名:国家水准测量规范
索取号:P224/3
 
预约/预借
| 序号 | 登录号 | 条形码 | 馆藏地/架位号 | 状态 | 备注 |
| 1 | 0031690 | 000072085 | 第二样本阅览室/ [索取号:P224/3] | 在馆 | |
| 2 | 0031691 | 000072094 | 第三借阅区/ [索取号:P224/3] | 在馆 |